| 000 | 00919nam a2200217Ia 4500 | ||
|---|---|---|---|
| 999 |
_c36073 _d36073 |
||
| 001 | 1973 | ||
| 003 | GE_BSU | ||
| 005 | 20221010134600.0 | ||
| 008 | 181216s2004ru xx |||||||||||||| ||rus|| | ||
| 020 | _a5942013551 | ||
| 040 | _cGE_BSU | ||
| 041 | _arus | ||
| 080 | _a342.4 Ч-49 | ||
| 100 |
_aЧернов, С.Н. _915188 |
||
| 245 |
_aКонстиуционно-правое регулирование отношений между Российской федерацией и ее субъектами / _cС.Н. Чернов. |
||
| 264 |
_aСПБ : _bР. Асланова ,,Юридический центр Пресс, _c2004. |
||
| 300 |
_a559 с. _b21 см. |
||
| 653 | _aКонстиуционно-правое регулирование отношений между Российской федерацией и ее субъектами | ||
| 653 | _aსამართალი | ||
| 942 |
_cBK _2udc |
||